000 00651nam a22001697a 4500
005 20251003095552.0
008 251003b |||||||| |||| 00| 0 eng d
020 _a9786214093175
082 _aDFil 499.211 M842 2025
100 _aMortera, Melvin Orio
_933674
245 _aPantulong sa kontekstwalisadong komunikasyon sa kalakarang new normal :
_b(kursong filipino sa kolehiyo sa pangkalahatang edukasyon) /
_cMelvin Orio Mortera.
260 _aQuezon City :
_bBooks ATBP. Publishing Corp.,
_c©2025.
300 _axvi, 170 pages :
_billustrations ;
_c21 cm.
500 _aIncludes references.
650 0 _aKomunikasyon.
_968409
942 _2ddc
_cDFIL
999 _c23945
_d23945